| 000 | 00584nam a2200229Ia 4500 | ||
|---|---|---|---|
| 008 | 160319s9999 xx 000 0 und d | ||
| 020 | _a971-27-1249-4 | ||
| 050 | _aFIL HF 5415.1265 | ||
| 050 | _b.G37 2002 c.1 | ||
| 100 | _aGarcia, Leonardo R., Jr. | ||
| 245 | _aE-marketing / | ||
| 245 | _cLeonardo R. Garcia., Jr. | ||
| 260 | _aPasig City: | ||
| 260 | _bAnvil Pub. Inc., | ||
| 260 | _c2002 | ||
| 300 | _a295 pages : | ||
| 300 | _billustrations ; | ||
| 300 | _c26 cm. | ||
| 650 | _aInternet marketing. | ||
| 650 | _aTelemarketing. | ||
| 650 | _xElectronic commerce. | ||
| 999 |
_c291681 _d291681 |
||